| 000 | 00573 a2200181 4500 | ||
|---|---|---|---|
| 020 | _a0439663784 (pbk.) | ||
| 020 | _a07807300450 | ||
| 041 | 1 | _aspa | |
| 100 | 1 | _aKorman, Gordon. | |
| 245 | 1 | 3 |
_aLa isla. _nLibro dos, _pLa supervivencia / _cGordon Korman ; [translated by Jorge I. Dominguez]. |
| 260 | _aNew York : Scholastic, c2004. | ||
| 300 |
_a154 p. ; _c20 cm. |
||
| 500 | _a"Originally published in English as: Island Book Two Survival"--T.p. verso. | ||
| 500 | _a"Scholastic en espanol"-- Cover. | ||
| 700 | 1 | _aDominguez, Jorge I., | |
| 942 | _cBK | ||
| 952 | _71 | ||
| 999 |
_c20757 _d20757 |
||